000 004270000a22001690004500
003 MACL
005 20160108153318.0
008 160108b xxu||||| |||| 00| 0 eng d
040 _aMACL
_cMACL
041 _aEnglish
082 _a920/RAY
100 _aRaymond, E T
_929894
245 _aPortraits of The New Century
260 _bErnest Benn Limited
_c1928
_aBritain
650 _aBiography
_929895
942 _cBK
_k920/RAY
_2ddc
999 _c38537
_d38537